| 000 | 00499nam a2200181Ia 4500 | ||
|---|---|---|---|
| 001 | 3849 | ||
| 005 | 20260306145713.0 | ||
| 008 | 260306t2004||||xx |||||||||||||| ||spa|| | ||
| 041 | _aESP | ||
| 082 |
_a303.62585 _bC76 |
||
| 100 |
_aComisión de la Verdad y Reconciliación _eAUT |
||
| 245 | 0 |
_aHatun Willakuy: _bversión abreviada del informe final de la comisión de la verdad y reconciliación |
|
| 260 | _c2004 | ||
| 300 |
_a _c |
||
| 650 | _aGEN | ||
| 654 | _aCHU | ||
| 942 |
_cLIB _dJUS _fJUS _2ddc _n |
||
| 999 |
_c3849 _d3849 |
||